000 00422nam a2200193Ia 4500
005 20240823050027.0
008 240823s9999||||xx |||||||||||||| ||und||
020 _a935066441-0
041 _aENGLISH
082 _A809.3
100 _aManu Sharma
245 0 _aContemporary Essays
250 _a1st
260 _bVidya Prakashan M
500 _aYES
650 _aEssays
_bGeneral
942 _cBK
999 _c216311
_d216311